|
|
|
|
| LEADER |
00000nab a2200000 a 4500 |
| 001 |
vtls000531769 |
| 003 |
SK-MaSNL |
| 005 |
20260304172304.0 |
| 008 |
250526c1994 xo 0 slo |
| 015 |
|
|
|a SNBRB19rr/mm-uuuuu
|
| 035 |
|
|
|a CL0531907
|
| 035 |
|
|
|a urn:nbn:sk:snk-ab29qc
|
| 035 |
|
|
|a (urnnbn)urn:nbn:sk:snk:ar-a01zvm
|
| 035 |
|
|
|a (uuid)bbfb6914-e359-4c20-ab79-9578c15dfc46
|
| 040 |
|
|
|a SNKBUCL
|b slo
|c SNKBUCL
|e AACR2
|
| 041 |
0 |
|
|a slo
|
| 044 |
|
|
|a xo
|c SK
|
| 080 |
|
|
|a 630 37:621.86
|2 1981
|
| 080 |
|
|
|a 621.86
|2 1981
|
| 245 |
0 |
0 |
|a Malá lesná lanovka ALPMOBIL
|
| 300 |
|
|
|b Fotogr. 1, sch. 3
|
| 650 |
0 |
7 |
|a drevo
|2 snkbucl
|9 3560
|
| 650 |
0 |
7 |
|a lanovky lesné
|2 snkbucl
|9 298589
|
| 650 |
0 |
7 |
|a ALPMOBIL (lesná lanovka)
|2 snkbucl
|9 1501572
|
| 655 |
|
7 |
|a články z novín a časopisov
|2 snkbucl
|9 267496
|
| 773 |
0 |
|
|t Les
|g Roč. 50, č. 10 (1994), s. 20
|x 0323-0996
|
| 850 |
|
|
|a Slovenská národná knižnica
|
| 852 |
|
|
|a Slovenská národná knižnica
|
| 954 |
|
|
|a odborná, vedecká literatúra pôvodná (slovenská)
|2 lita
|
| 958 |
|
|
|a ONDV
|
| 958 |
|
|
|a article2022
|
| 958 |
|
|
|a RK
|
| 992 |
|
|
|a RBX
|
| 999 |
|
|
|c 2997643
|d 2999573
|